Desafeccin̤ polt̕ica y gobernabilidad el reto polt̕ico /

Detalles Bibliográficos
Autor principal: Paramio, Ludolfo
Formato: eBook
Lenguaje:español
Publicado: Madrid: Marcial Pons, 2015
Materias:
Acceso en línea:Acceso restringido

MARC

LEADER 00000nam a22000007a 4500
005 2017021402142.0
007 cr|||| ||||
008 170214s2015 es |||||s|||| 00||0 spa d
020 |a 978-84-9123-172-1 
035 |a 14681 
040 |a vLex 
090 |c 6537  |d 6537 
100 1 |a Paramio, Ludolfo 
245 1 0 |a Desafeccin̤ polt̕ica y gobernabilidad  |h [Recurso electrn̤ico] :  |b el reto polt̕ico /  |c Ludolfo Paramio 
256 |a Servicio en ln̕ea 
260 |a Madrid:  |b Marcial Pons,  |c 2015 
300 |a 1 recurso electrn̤ico 
506 1 |a Disponible solo en los productos indicados  |d vLex Global  |d vLex Global (Academic Edition, excluding Law Schools)  |d vLex Global (U.S. Academic Edition, Law Schools)  |d vLex Global (U.S. Academic Edition, excluding Law Schools)  |d vLex Global (Academic Edition, Law Schools) 
650 0 4 |a Derecho Pb︢lico y Administrativo  |z Espaą 
740 0 |a vLex Libros (Servicio en ln̕ea) 
856 4 0 |u http://vlex.com/source/desafeccion-politica-gobernabilidad-14681  |z Acceso restringido 
942 |c BOOK 
999 0 |a Public and Administrative Law